00373nam a22001217a 4500003000400000005001700004008004100021020001800062050002300080245006100103260006200164300002500226OSt20140310182443.0130803t xxu||||| |||| 00| 0 eng d a9789717251493 aPN 524b.T291 2008 aWorld Literary :cThe literary masterpieces of the world aPateros, Metro Manila :bGrandwater Publications,cc2008. aiv, 333 p. :c22 cm.